[Event "34th Chess Olympiad (women)"]
[Site "Istanbul"]
[Date "2000.11.10"]
[Round "13.22.1"]
[White "Belc, Daniela"]
[Black "Macek, Vlasta"]
[WhiteElo "2073"]
[BlackElo "2277"]
[WhiteCountry "CAN"]
[BlackCountry "CRO"]
[Result "1-0"]

1. d4 d5 2. c4 c6 3. Nf3 Nf6 4. Nc3 a6 5. c5 g6 6. Bf4 Bg7 7. h3 O-O 8. e3 Nbd7 
9. Bd3 Ne8 10. b4 e5 11. dxe5 Qe7 12. O-O Nxe5 13. Nxe5 Bxe5 14. Bxe5 Qxe5 
15. Qc2 f5 16. Rae1 Nf6 17. Ne2 Bd7 18. Nd4 Rae8 19. a4 Kg7 20. b5 axb5 
21. axb5 cxb5 22. Bxb5 Bxb5 23. Nxb5 Rc8 24. Na7 Rc7 25. Nb5 Rc6 26. Nd4 Rcc8 
27. Rb1 Rf7 28. Rb6 Kg8 29. Rfb1 Nd7 30. Rxb7 Rxc5 31. Qa4 Qd6 32. Qa8+ Kg7 
33. Qa1 Kg8 34. Ra7 Rc7 35. Ra8+ Rf8 36. Ra6 Qe7 37. Ne6 Nc5 38. Nxc7 Nxa6 
39. Nxa6 Ra8 40. Rb8+ Rxb8 41. Nxb8 
1-0

[Event "34th Chess Olympiad (women)"]
[Site "Istanbul"]
[Date "2000.11.10"]
[Round "13.22.2"]
[White "Jelica, Mara"]
[Black "Bryskine, Marina"]
[WhiteElo "2192"]
[BlackElo "2200"]
[WhiteCountry "CRO"]
[BlackCountry "CAN"]
[Result "1-0"]

1. e4 e5 2. d4 exd4 3. Qxd4 Nc6 4. Qe3 Nf6 5. Bd2 b6 6. Nc3 Bc5 7. Qg3 d6 
8. O-O-O Ne5 9. f4 Nh5 10. Qe1 Ng4 11. Nh3 O-O 12. Bd3 Nhf6 13. Qg3 Nh5 
14. Qf3 Ngf6 15. Nf2 Bxf2 16. Qxf2 g6 17. h3 Nd7 18. g4 Ng7 19. f5 Ne5 
20. Bh6 Nxd3+ 21. Rxd3 f6 22. h4 Rf7 23. Rf1 Ba6 24. fxg6 hxg6 25. Nd5 Ne8 
26. Bg5 Bxd3 27. cxd3 Rh7 28. h5 gxh5 29. Bxf6 Qd7 30. Be7 Rg7 31. g5 c6 
32. Qf8+ Kh7 33. g6+ Rxg6 34. Rf7+ Ng7 35. Nf6+ Kh6 36. Qxa8 Qh3 37. Qh8+ Kg5 
38. Nxh5+ Kg4 39. Rf4# 
1-0

[Event "34th Chess Olympiad (women)"]
[Site "Istanbul"]
[Date "2000.11.10"]
[Round "13.22.3"]
[White "Chu, Stefanie"]
[Black "Bazaj-Bockai, Snjezana"]
[WhiteElo "2020"]
[BlackElo "2162"]
[WhiteCountry "CAN"]
[BlackCountry "CRO"]
[Result "0-1"]

1. e4 c5 2. Nf3 e6 3. d4 cxd4 4. Nxd4 a6 5. Bd3 Qc7 6. O-O Nc6 7. Nxc6 Qxc6 
8. c4 b6 9. Qe2 Bb7 10. f4 Bc5+ 11. Kh1 Nf6 12. e5 Ne4 13. Nd2 Nxd2 
14. Bxd2 O-O 15. Bc3 d5 16. exd6 Bxd6 17. Qg4 g6 18. Bf6 Rfe8 19. Rf3 Bf8 
20. Rh3 Bg7 21. Bxg7 Kxg7 22. Qg5 Kg8 23. Rh6 Rad8 24. Rh3 f6 25. Qg4 f5 
26. Qg5 Rd4 27. Re1 Rxf4 28. Be2 Rg4 
0-1

[Event "34th Chess Olympiad (women)"]
[Site "Istanbul"]
[Date "2000.11.10"]
[Round "13.23.1"]
[White "Fierro, Martha"]
[Black "Leite, Catarina"]
[WhiteElo "2338"]
[BlackElo "2089"]
[WhiteCountry "ECU"]
[BlackCountry "POR"]
[Result "1/2-1/2"]

1. e4 e5 2. Nf3 Nc6 3. Bb5 a6 4. Ba4 Nf6 5. d4 exd4 6. O-O Be7 7. Re1 b5 
8. Bb3 d6 9. Bd5 Bb7 10. Nxd4 Nxd5 11. Nxc6 Bxc6 12. exd5 Bb7 13. Bg5 f6 
14. Bh4 O-O 15. c4 c6 16. Nc3 Qd7 17. dxc6 Qxc6 18. Qd5+ Qxd5 19. Nxd5 Bd8 
20. Rad1 bxc4 21. Bg3 Ba5 22. Re6 Rfe8 23. Rxd6 Rad8 24. Ne3 Rxd6 25. Rxd6 c3 
26. bxc3 Bxc3 27. h4 Ba5 28. h5 Rd8 
1/2-1/2

[Event "34th Chess Olympiad (women)"]
[Site "Istanbul"]
[Date "2000.11.10"]
[Round "13.23.2"]
[White "Carvalho, Alda"]
[Black "Moncayo, Evelyn"]
[WhiteElo "2063"]
[BlackElo "2135"]
[WhiteCountry "POR"]
[BlackCountry "ECU"]
[Result "1-0"]

1. d4 d5 2. Nf3 Bg4 3. Nbd2 Nf6 4. g3 e6 5. Bg2 Bd6 6. O-O Nbd7 7. c4 c6 
8. b3 O-O 9. Bb2 Re8 10. Ne5 Qc7 11. Nxg4 Nxg4 12. e4 f5 13. cxd5 exd5 
14. exd5 Ndf6 15. dxc6 Nxh2 16. Kxh2 Ng4+ 17. Kg1 Bxg3 18. Qf3 Bxf2+ 
19. Rxf2 Qh2+ 20. Kf1 Ne3+ 21. Qxe3 Rxe3 22. Bd5+ 
1-0

[Event "34th Chess Olympiad (women)"]
[Site "Istanbul"]
[Date "2000.11.10"]
[Round "13.23.3"]
[White "Vasquez, Rocio"]
[Black "Henriques, Sofia"]
[WhiteElo "2235"]
[BlackElo "2032"]
[WhiteCountry "ECU"]
[BlackCountry "POR"]
[Result "1/2-1/2"]

1. e4 e5 2. Nf3 Nc6 3. Bb5 a6 4. Ba4 Nf6 5. d3 d6 6. c3 g6 7. Qe2 Bg7 8. h3 O-O 
9. Be3 b5 10. Bc2 d5 11. Bc5 Re8 12. g4 Bb7 13. Nbd2 a5 14. O-O d4 
15. cxd4 exd4 16. a4 Nd7 17. axb5 Nxc5 18. bxc6 Bxc6 19. Nb3 Ne6 20. Nxa5 Qd6 
21. Nxc6 Nf4 22. Qd2 Nxh3+ 23. Kh1 Qxc6 24. Bb3 Qd7 25. Nh2 g5 26. Ra5 
1/2-1/2

[Event "34th Chess Olympiad (women)"]
[Site "Istanbul"]
[Date "2000.11.10"]
[Round "13.24.2"]
[White "Sabirova, S"]
[Black "Sommer, Sonja"]
[WhiteElo "2131"]
[BlackElo "2054"]
[WhiteCountry "KGZ"]
[BlackCountry "AUT"]
[Result "1/2-1/2"]

1. d4 d5 2. e3 Nf6 3. Bd3 e6 4. b3 Nbd7 5. Bb2 Be7 6. Nd2 O-O 7. Ne2 c5 8. Ng3
b6 9. O-O Bb7 10. c4 dxc4 1/2-1/2

[Event "34th Chess Olympiad (women)"]
[Site "Istanbul"]
[Date "2000.11.10"]
[Round "13.24.3"]
[White "Krasser, Margit"]
[Black "Korsakova, Tatiana"]
[WhiteElo "2061"]
[BlackElo "2035"]
[WhiteCountry "AUT"]
[BlackCountry "KGZ"]
[Result "1-0"]

1. c4 e5 2. Nc3 Nc6 3. g3 f5 4. Bg2 Nf6 5. e3 g6 6. Nge2 Bg7 7. O-O O-O 8. d4
e4 9. Rb1 d5 10. cxd5 Nxd5 11. Qb3 Nce7 12. Nf4 c6 13. Bd2 Kh8 14. Ncxd5 Nxd5
15. Nxd5 Qxd5 16. Qxd5 cxd5 17. Rfc1 Bd7 18. Rc7 Bc6 19. Bb4 Rfe8 20. Rc1 Kg8
21. Bf1 a5 22. Be7 Rac8 23. Rxc8 Rxc8 24. Bb5 Kf7 25. Ba3 Ke6 26. b3 Kd7 27.
Bxc6+ Rxc6 28. Rc5 Rxc5 29. Bxc5 Kc6 30. a4 Bf6 31. Kg2 g5 32. f3 f4 33. exf4
gxf4 34. gxf4 b6 35. Ba3 Bxd4 36. f5 e3 {Die automatische Partieeingabe ist ab
28. Tc5 (im PGN-File stand 28. Tc4) unklar. Moeglicherweise ueberschritt
Schwarz im 36. Zug die Zeit.} 1-0

[Event "34th Chess Olympiad (women)"]
[Site "Istanbul"]
[Date "2000.11.10"]
[Round "13.25.1"]
[White "Mateus, Martha"]
[Black "Caoili, Arianne"]
[WhiteElo "2318"]
[BlackElo "2113"]
[WhiteCountry "COL"]
[BlackCountry "PHI"]
[Result "0-1"]

1. e4 c5 2. Nf3 e6 3. d3 d5 4. Nbd2 Bd6 5. g3 Nc6 6. Bg2 Nge7 7. O-O O-O 
8. Re1 Bc7 9. Nf1 Rb8 10. h4 b6 11. N1h2 e5 12. h5 Ba6 13. h6 g6 14. exd5 Nxd5 
15. Ng5 Qd6 16. Qf3 Rbd8 17. Ng4 Ncb4 18. Ne4 Qe6 19. Nef6+ Nxf6 20. Nxf6+ Kh8 
21. Re2 c4 22. d4 Rxd4 23. Be3 Rdd8 24. c3 Nd3 25. Kh2 Rd6 26. Ne4 Bb7 
27. g4 Bxe4 28. Qxe4 f5 29. Qb7 Rd7 30. Bc6 e4+ 31. Kg2 Qd6 32. Rh1 Rb8 
33. Bd4+ Kg8 34. Qxa7 Qxc6 35. Rd2 e3+ 
0-1

[Event "34th Chess Olympiad (women)"]
[Site "Istanbul"]
[Date "2000.11.10"]
[Round "13.25.2"]
[White "Mendoza, Beverly"]
[Black "Palao, Maricela"]
[WhiteElo "2098"]
[BlackElo "2159"]
[WhiteCountry "PHI"]
[BlackCountry "COL"]
[Result "1-0"]

1. e4 e5 2. Nf3 Nc6 3. Bb5 Nf6 4. Qe2 Bc5 5. Bxc6 dxc6 6. Nxe5 Qd4 7. Nd3 Bb6 
8. f3 O-O 9. Nf2 Be6 10. d3 Nh5 11. c3 Qd6 12. d4 Nf4 13. Bxf4 Qxf4 14. O-O f5 
15. Nd2 fxe4 16. fxe4 c5 17. d5 Bd7 18. c4 c6 19. Nd3 Qh6 20. Rxf8+ Rxf8 
21. Rf1 Rxf1+ 22. Nxf1 cxd5 23. exd5 Qf6 24. Qe5 Bf5 25. Qxf6 gxf6 26. Nf4 Bc7 
27. Ne3 Bb1 28. Ne6 Be5 29. Ng4 Kf7 30. Nxe5+ fxe5 31. Nd8+ Ke7 32. Nxb7 Bxa2 
33. b3 e4 34. Kf2 Bb1 35. Ke3 Bc2 36. Nxc5 
1-0

[Event "34th Chess Olympiad (women)"]
[Site "Istanbul"]
[Date "2000.11.10"]
[Round "13.25.3"]
[White "Ortiz, Nadya"]
[Black "Espallardo, Christine"]
[WhiteElo "2000"]
[BlackElo "2000"]
[WhiteCountry "COL"]
[BlackCountry "PHI"]
[Result "0-1"]

1. e4 c5 2. Nc3 d6 3. f4 Nc6 4. Nf3 a6 5. a4 e6 6. Bc4 Nf6 7. Qe2 Be7 8. d3 O-O 
9. O-O Re8 10. Qf2 Bf8 11. h3 b6 12. Bb3 Bb7 13. g4 d5 14. g5 d4 15. gxf6 dxc3 
16. f5 exf5 17. Bxf7+ Kh8 18. Ng5 Qxf6 19. Qh4 h6 20. Bxe8 Rxe8 21. bxc3 Qxc3 
22. Bf4 Kg8 23. Qh5 hxg5 24. Qxe8 gxf4 25. Qd7 Qd4+ 26. Qxd4 Nxd4 27. exf5 Bd6 
28. Rab1 Bc7 29. Rb2 Nxf5 30. c4 Bc6 
0-1

[Event "34th Chess Olympiad (women)"]
[Site "Istanbul"]
[Date "2000.11.10"]
[Round "13.26.2"]
[White "Hernandez, Penna Sabina"]
[Black "Martinez, Aleidi"]
[WhiteElo "2141"]
[BlackElo "2181"]
[WhiteCountry "ARG"]
[BlackCountry "VEN"]
[Result "1-0"]

1. e4 c5 2. Nf3 Nc6 3. d4 cxd4 4. Nxd4 Nf6 5. Nc3 e5 6. Ndb5 d6 7. Bg5 a6 
8. Na3 b5 9. Nd5 Be7 10. Bxf6 Bxf6 11. c3 Bg5 12. Nc2 Be6 13. a4 bxa4 
14. Rxa4 O-O 15. Rxa6 Rxa6 16. Bxa6 Qb8 17. b4 f5 18. exf5 Bxf5 19. O-O Kh8 
20. Nce3 Bg6 21. Qa4 Ne7 22. Nxe7 Bxe7 23. Qd7 Bg5 24. Re1 Qb6 25. Qb5 Qd8 
26. Qc6 Be8 27. Qd5 Qc7 28. Qc4 Qb6 29. Qe2 Bc6 30. Bc4 Qb7 31. b5 Bd7 
32. Rb1 Bh4 33. g3 Bd8 34. Bd5 Qb6 35. Be4 Bg5 36. Nd5 Qc5 37. b6 Bc6 
38. b7 Qa7 39. Nf6 Bxe4 40. Nxe4 Be7 41. Qb5 Rb8 42. Qd7 Bf8 43. Nxd6 Qa2 
44. Rd1 Qb3 45. Nf7+ Kg8 46. Nxe5 Rxb7 47. Qd5+ Qxd5 48. Rd2 Qd3 49. Rxd3 Be7 
50. Rd5 Rb3 51. c4 Rb1+ 52. Kg2 Rc1 53. Ra5 h6 54. Ra8+ Kh7 55. Rc8 Rc2 
56. h4 h5 57. Kf3 Bf6 58. Nd3 g5 59. hxg5 Bxg5 60. c5 h4 61. gxh4 Bxh4 
62. Ke3 Kg7 63. f4 Kf7 64. Ke4 Ke6 65. Rc6+ Ke7 66. Rh6 Bg3 67. Kf5 Rc3 
68. Re6+ Kf8 69. Ke4 Kf7 70. f5 Rc2 71. Ne5+ Kf8 72. Kd5 Bf2 73. c6 Rd2+ 
74. Ke4 Rc2 75. Kd3 Rc1 76. Kd2 Ra1 77. c7 Ra8 78. Nd7+ Kf7 79. Nb8 
1-0

[Event "34th Chess Olympiad (women)"]
[Site "Istanbul"]
[Date "2000.11.10"]
[Round "13.26.3"]
[White "Sanchez, Aliris"]
[Black "Maggiolo, Elisa"]
[WhiteElo "2000"]
[BlackElo "2115"]
[WhiteCountry "VEN"]
[BlackCountry "ARG"]
[Result "1-0"]

1. d4 c5 2. d5 d6 3. c4 b5 4. cxb5 a6 5. e4 g6 6. Nc3 Bg7 7. f4 Nf6 8. e5 dxe5 
9. fxe5 Ng4 10. e6 f5 11. Nf3 h6 12. Nh4 Bd4 13. Nxg6 Rg8 14. h3 Nf6 
15. Nf4 Bb7 16. Bd3 Qd6 17. Qe2 Bxc3+ 18. bxc3 Bxd5 19. O-O axb5 20. Nxd5 Nxd5 
21. Bxb5+ Kd8 22. Rd1 Kc7 23. Qf3 
1-0

[Event "34th Chess Olympiad (women)"]
[Site "Istanbul"]
[Date "2000.11.10"]
[Round "13.27.1"]
[White "Paasikangas-Tella, Johanna"]
[Black "Hernandez, Yadira"]
[WhiteElo "2301"]
[BlackElo "2207"]
[WhiteCountry "FIN"]
[BlackCountry "MEX"]
[Result "0-1"]

1. d4 f5 2. Nc3 d5 3. Bf4 Nf6 4. e3 e6 5. Nf3 c6 6. Bd3 Bd6 7. Ne5 O-O 
8. h3 Ne4 9. Bxe4 fxe4 10. O-O Qe7 11. Ne2 Bd7 12. c4 Be8 13. c5 Bc7 
14. Nc3 Rf5 15. b4 Bxe5 16. Bxe5 Nd7 17. Bd6 Qg5 18. Qg4 Qd8 19. Kh1 Bh5 
20. Qg3 Qf6 21. b5 e5 22. bxc6 bxc6 23. Rab1 exd4 24. exd4 Qxd4 25. Rb7 Rf7 
26. Rfb1 h6 27. Rc7 Re8 28. Re1 Nxc5 29. Rxc6 Nd3 30. Re3 Nxf2+ 31. Kh2 Nd3 
32. Bc7 Bf3 33. Rxd3 exd3 34. Nb5 Qb2 35. Bf4 Rxf4 36. Nc3 Qxg2+ 
0-1

[Event "34th Chess Olympiad (women)"]
[Site "Istanbul"]
[Date "2000.11.10"]
[Round "13.27.2"]
[White "Guerrero, Alejandra"]
[Black "Rantanen, Tanja"]
[WhiteElo "2171"]
[BlackElo "2120"]
[WhiteCountry "MEX"]
[BlackCountry "FIN"]
[Result "0-1"]

1. e4 c5 2. c3 Nf6 3. e5 Nd5 4. d4 cxd4 5. Nf3 e6 6. Bc4 b6 7. O-O Bb7 
8. Qxd4 Qc7 9. Re1 Nc6 10. Qh4 Nce7 11. Na3 Nf5 12. Nb5 Qc8 13. Qe4 Nde3 
14. Qd3 Nxc4 15. b3 a6 16. Nd6+ Ncxd6 17. exd6 Bxf3 18. Qxf3 Nxd6 19. Ba3 Be7 
20. Rad1 Nf5 21. g4 Nh4 22. Qg3 Bxa3 23. Qxh4 Be7 24. Qg3 d5 25. Qe5 O-O 
26. g5 Rd8 27. Rd3 Qb8 28. Qd4 Bxg5 29. Rg3 Bf6 30. Qg4 e5 31. Kh1 Qc8 
32. Qf3 Qe6 33. Reg1 Kf8 34. Qh5 h6 35. Qe2 d4 36. cxd4 Qd5+ 37. f3 Qxd4 
38. Rg4 Qd2 39. Qe4 Qd3 40. Qb4+ Be7 
0-1

[Event "34th Chess Olympiad (women)"]
[Site "Istanbul"]
[Date "2000.11.10"]
[Round "13.27.3"]
[White "Puuska, Heini"]
[Black "Garcia, Edith"]
[WhiteElo "2023"]
[BlackElo "2052"]
[WhiteCountry "FIN"]
[BlackCountry "MEX"]
[Result "1-0"]

1. d4 d5 2. c4 c6 3. e3 Nf6 4. Nf3 e6 5. Nbd2 Nbd7 6. Bd3 Bd6 7. O-O O-O 
8. e4 e5 9. cxd5 cxd5 10. exd5 exd4 11. Ne4 Nxe4 12. Bxe4 f5 13. Bc2 Ne5 
14. Bf4 Nxf3+ 15. Qxf3 Kh8 16. Bb3 b6 17. Rfd1 Ba6 18. Bxd6 Qxd6 19. Rxd4 Rae8 
20. Rd2 Qe5 21. h3 Rf6 22. Rc1 Rd6 23. Qc3 Qf4 24. Rd4 Qg5 25. Qd2 Qf6 
26. Rc7 Re2 27. Qc3 Qe5 28. Rd1 h6 29. Qxe5 Rxe5 30. Rxa7 Bb5 31. Rc1 Rd7 
32. Rxd7 Bxd7 33. Rc7 
1-0

[Event "34th Chess Olympiad (women)"]
[Site "Istanbul"]
[Date "2000.11.10"]
[Round "13.28.1"]
[White "Cinak, Nilufer"]
[Black "Arnetta, Marianna"]
[WhiteElo "2057"]
[BlackElo "2081"]
[WhiteCountry "TURA"]
[BlackCountry "ITA"]
[Result "0-1"]

1. e4 e6 2. d3 d5 3. Nd2 c5 4. Ngf3 Nc6 5. Qe2 Nb4 6. Nb3 Bd7 7. c3 dxe4 
8. dxe4 c4 9. cxb4 cxb3 10. a3 a5 11. bxa5 Qxa5+ 12. Bd2 Qb6 13. Be3 Qa5+ 
14. Nd2 Rc8 15. Qd3 Ba4 16. Be2 Bc5 17. O-O Bxe3 18. Qxe3 Rc2 19. Nc4 Qc7 
20. Rfd1 Nf6 21. Nd6+ Ke7 22. Bb5 Bxb5 23. Nxb5 Qe5 24. Nd6 Ng4 25. Qg3 Qxg3 
26. fxg3 Ne3 27. Rd3 Rxg2+ 28. Kh1 Rxb2 29. Nxb7 Ng4 30. Rc3 Rxh2+ 31. Kg1 Ra2 
32. Rf1 f5 33. Rxb3 Rc8 34. exf5 Rcc2 35. Rf4 Rg2+ 36. Kh1 Rh2+ 37. Kg1 Rag2+ 
38. Kf1 Ra2 39. f6+ gxf6 40. Kg1 Ra1+ 41. Rf1 Raa2 42. Rf4 Rhg2+ 43. Kh1 Rge2 
44. Kg1 Ne3 45. Rb1 Rg2+ 46. Kh1 Rh2+ 
0-1

[Event "34th Chess Olympiad (women)"]
[Site "Istanbul"]
[Date "2000.11.10"]
[Round "13.28.2"]
[White "Sirletti, Sonia"]
[Black "Oney, Fatmanur"]
[WhiteElo "2000"]
[BlackElo "2038"]
[WhiteCountry "ITA"]
[BlackCountry "TURA"]
[Result "1-0"]

1. d4 Nf6 2. c4 d6 3. Nc3 g6 4. e4 Bg7 5. Nf3 O-O 6. Be2 Re8 7. Bg5 Nbd7 
8. O-O e5 9. d5 h6 10. Bh4 a5 11. Nd2 Nc5 12. b3 c6 13. a3 Qb6 14. Rb1 Na6 
15. Kh1 Nh7 16. f3 f5 17. Na4 Qc7 18. b4 axb4 19. axb4 c5 20. bxc5 Nxc5 
21. Nxc5 Qxc5 22. Bf2 Qc7 23. Bb6 Qe7 24. Qb3 Nf6 25. c5 Kh8 26. cxd6 Qxd6 
27. Rfc1 Nd7 28. Nc4 Qe7 29. Bg1 Rf8 30. Nb6 Nxb6 31. Qxb6 Rf6 32. Qc7 Qd6 
33. Qxd6 Rxd6 34. Rc7 fxe4 35. fxe4 Rf6 36. Rbc1 Rf8 37. d6 Rd8 38. Bb5 Be6 
39. d7 Bf6 40. Rxb7 Bg5 41. Rd1 Bb3 42. Rf1 Kg7 43. h3 Rf8 44. Rxf8 Kxf8 
45. Bc6 Be6 46. Rc7 Rb8 47. Bc5+ Be7 48. d8=Q+ 
1-0

[Event "34th Chess Olympiad (women)"]
[Site "Istanbul"]
[Date "2000.11.10"]
[Round "13.28.3"]
[White "Cavusoglu, Yildiz"]
[Black "Arnetta, Maria"]
[WhiteElo "2000"]
[BlackElo "2000"]
[WhiteCountry "TURA"]
[BlackCountry "ITA"]
[Result "1/2-1/2"]

1. d4 Nf6 2. Nf3 e6 3. c4 Bb4+ 4. Bd2 Qe7 5. Nc3 Bxc3 6. Bxc3 Ne4 7. Rc1 O-O 
8. e3 Nxc3 9. Rxc3 d6 10. Be2 Nd7 11. O-O c5 12. a3 e5 13. Re1 Nf6 14. b4 b6 
15. bxc5 bxc5 16. Rb3 Bg4 17. h3 Bxf3 18. Bxf3 Rab8 19. dxc5 dxc5 20. Qb1 Qc7 
21. Bd5 Rxb3 22. Qxb3 Rb8 23. Qc2 Qb6 24. Qf5 Qb2 25. e4 Qd2 26. Rf1 Qb2 
27. Re1 Qd2 28. Re3 Qd1+ 29. Kh2 Qh5 30. Qxh5 Nxh5 31. g3 Kf8 32. Rf3 f6 
33. Be6 g6 34. Bg4 Kg7 35. Rd3 Rb7 36. Kg2 Kf7 37. Rd5 Ng7 38. Rxc5 h5 
39. Bc8 Re7 40. Rd5 Ne8 41. Rd7 Rxd7 42. Bxd7 Nd6 43. Bc6 Ke7 44. Bd5 a5 
45. a4 Ne8 46. Kf3 Nc7 47. Ke3 Na6 48. Bc6 Nc5 49. f4 g5 50. fxe5 fxe5 
51. Kf3 Kf7 52. Bd5+ Kg7 53. Bc6 Kf7 54. Bd5+ 
1/2-1/2

[Event "34th Chess Olympiad (women)"]
[Site "Istanbul"]
[Date "2000.11.10"]
[Round "13.29.1"]
[White "Castillo Melendez, Dina"]
[Black "Ratcu, Tatiana"]
[WhiteElo "2071"]
[BlackElo "2240"]
[WhiteCountry "GUA"]
[BlackCountry "BRA"]
[Result "0-1"]

1. e4 c5 2. Nf3 e6 3. d4 cxd4 4. Nxd4 a6 5. Be3 Nf6 6. Bd3 Qc7 7. c3 d5 
8. Nd2 Nbd7 9. Bc2 Be7 10. O-O dxe4 11. Nxe4 Nxe4 12. Bxe4 Nf6 13. Bc2 O-O 
14. Qe2 Nd5 15. Bd2 Rd8 16. Rad1 Bf6 17. Nf3 b5 18. Bg5 Bb7 19. Qe4 g6 
20. Bxf6 Nxf6 21. Qe5 Qe7 22. Qe2 Nd5 23. Rd4 Nb6 24. Be4 Rxd4 25. Nxd4 Rd8 
26. Bxb7 Qxb7 27. Qg4 Na4 28. Rb1 Qd5 29. a3 e5 30. Nf5 Qd3 31. Nh6+ Kg7 
32. Re1 Kxh6 33. h3 f6 34. Qh4+ Kg7 35. Qb4 Qd6 36. Qe4 Nxb2 
0-1

[Event "34th Chess Olympiad (women)"]
[Site "Istanbul"]
[Date "2000.11.10"]
[Round "13.29.2"]
[White "Delai, Paula"]
[Black "Martinez Porras, Ingrid"]
[WhiteElo "2110"]
[BlackElo "2104"]
[WhiteCountry "BRA"]
[BlackCountry "GUA"]
[Result "1-0"]

1. d4 e6 2. Nf3 b6 3. e4 Bb7 4. Bd3 c5 5. c3 d5 6. e5 Nc6 7. a3 Rc8 8. Bg5 f6 
9. exf6 Nxf6 10. Qe2 Qe7 11. O-O c4 12. Bc2 Nd8 13. Ne5 g6 14. Nd2 Bg7 
15. f4 O-O 16. Rf3 Qe8 17. Rh3 Nf7 18. Bxf6 Bxf6 19. Nxg6 h6 20. Qg4 Bg7 
21. Nxf8 Kxf8 22. Rg3 Bf6 23. Re1 
1-0

[Event "34th Chess Olympiad (women)"]
[Site "Istanbul"]
[Date "2000.11.10"]
[Round "13.29.3"]
[White "Mazariegos Kummerfeld, Silvia"]
[Black "Ribeiro, Regina"]
[WhiteElo "2034"]
[BlackElo "2104"]
[WhiteCountry "GUA"]
[BlackCountry "BRA"]
[Result "1-0"]

1. d4 e6 2. Nd2 c5 3. e3 b6 4. f4 Qc7 5. Nh3 Nf6 6. Bd3 Nd5 7. Nf3 Nb4 
8. Be2 cxd4 9. Nxd4 Ba6 10. c3 Bxe2 11. Qxe2 N4c6 12. O-O Nxd4 13. exd4 Nc6 
14. f5 Bd6 15. fxe6 Bxh2+ 16. Kh1 dxe6 17. d5 Ne5 18. Qb5+ Nd7 19. dxe6 fxe6 
20. Ng5 a6 21. Qe2 Be5 22. Nxe6 Qd6 23. Qf3 Qxe6 24. Qxa8+ Nb8 25. Qe4 Nd7 
26. Bg5 h6 27. Bf4 O-O 28. Bxe5 Re8 29. Rae1 Nxe5 30. Rf5 
1-0

[Event "34th Chess Olympiad (women)"]
[Site "Istanbul"]
[Date "2000.11.10"]
[Round "13.30.1"]
[White "Sultan, Hoda"]
[Black "Lim, Jean Nie"]
[WhiteElo "2000"]
[BlackElo "2168"]
[WhiteCountry "UAE"]
[BlackCountry "MAS"]
[Result "1/2-1/2"]

1. e4 c5 2. c3 d5 3. exd5 Qxd5 4. d4 Nf6 5. Nf3 Bg4 6. Be2 e6 7. O-O Nc6 
8. Be3 cxd4 9. cxd4 Be7 10. Nc3 Qd6 11. a3 O-O 12. Qd2 Nd5 13. Ne4 Qd8 
14. Rad1 Rc8 15. Ne5 Bxe2 16. Qxe2 a6 17. Bc1 Nxe5 18. dxe5 Qb6 19. Qg4 f5 
20. exf6 Bxf6 21. Nxf6+ Nxf6 22. Qg3 Kh8 23. h3 Qb5 24. Rde1 Rc6 25. Re5 Qc4 
26. Rfe1 Qd4 27. Qe3 Qh4 28. Rxe6 Rxe6 29. Qxe6 Ng4 30. hxg4 
1/2-1/2

[Event "34th Chess Olympiad (women)"]
[Site "Istanbul"]
[Date "2000.11.10"]
[Round "13.30.2"]
[White "Lee, Samantha"]
[Black "Hassan, Amina"]
[WhiteElo "2000"]
[BlackElo "2000"]
[WhiteCountry "MAS"]
[BlackCountry "UAE"]
[Result "1-0"]

1. e4 e5 2. Nf3 Nc6 3. Bb5 Nge7 4. d3 g6 5. O-O Bg7 6. Nc3 O-O 7. Be3 a6 
8. Bc4 b5 9. Bb3 Na5 10. Qd2 Nxb3 11. axb3 d5 12. Bc5 Re8 13. Bxe7 Rxe7 
14. Nxd5 Rd7 15. Qe2 Bb7 16. Ne3 c5 17. Rfd1 Qc7 18. h3 Rad8 19. Rab1 a5 
20. Ra1 Bc6 21. Qe1 Ra8 22. Qc3 Bb7 23. Qe1 Rd6 24. Ra2 Rda6 25. Rda1 Bf8 
26. c4 b4 27. Nd5 Bxd5 28. exd5 Bg7 29. Qe3 f6 30. Ra4 Bf8 31. Re1 Kg7 
32. Nd2 Qd8 33. Ne4 Kg8 34. Nxc5 Bxc5 35. Qxc5 Kf7 36. Qe3 Rc8 37. d4 exd4 
38. Qxd4 Qc7 39. Re3 Qc5 40. Qxc5 Rxc5 41. Kf1 Rd6 42. Ke2 Ra6 43. Kd3 Rc8 
44. Kd4 Kf8 45. Ra1 Kf7 46. Rae1 Ra7 47. Re6 Rd8 48. c5 Rad7 49. d6 
1-0

[Event "34th Chess Olympiad (women)"]
[Site "Istanbul"]
[Date "2000.11.10"]
[Round "13.30.3"]
[White "Hassan, Jawaher"]
[Black "Siti, Zulaikha"]
[WhiteElo "2000"]
[BlackElo "2000"]
[WhiteCountry "UAE"]
[BlackCountry "MAS"]
[Result "1-0"]

1. e4 d6 2. d4 Nf6 3. Nc3 g6 4. Bg5 Bg7 5. e5 dxe5 6. dxe5 Qxd1+ 7. Rxd1 Ng4 
8. h3 Bxe5 9. hxg4 Bxg4 10. Be2 Be6 11. Bf3 c6 12. Nge2 Bf5 13. Nd4 Bxd4 
14. Rxd4 f6 15. Bh6 Bxc2 16. Rb4 b6 17. Nb5 Kd8 18. Nd4 Bd3 19. Nxc6+ Nxc6 
20. Bxc6 Rc8 21. Rd4+ Kc7 22. Rxd3 Kxc6 23. Bg7 Rhd8 24. Rxd8 Rxd8 25. Rxh7 Rd5 
26. Bf8 Re5+ 27. Kf1 Kd7 28. Rh3 g5 29. Bh6 Ke6 30. f4 Rf5 31. g3 Kf7 
32. Ke2 Ra5 33. a3 Rb5 34. b4 g4 35. Rh4 a5 36. bxa5 Rxa5 37. Rxg4 Rh5 
38. Rh4 Ra5 39. f5 Rxa3 40. Be3 b5 41. Rb4 Ra5 42. Bb6 Ra2+ 43. Kf3 e6 
44. Rxb5 exf5 45. Rxf5 Kg6 46. g4 Ra3+ 47. Ke4 Rg3 48. Kf4 Ra3 49. Bd4 Ra6 
50. Kg3 Ra3+ 51. Kh4 Ra4 52. Rxf6+ Kh7 53. Be5 Re4 54. Re6 Rc4 55. Kh5 Ra4 
56. Re8 
1-0

[Event "34th Chess Olympiad (women)"]
[Site "Istanbul"]
[Date "2000.11.10"]
[Round "13.31.1"]
[White "Milligan, Helen"]
[Black "Shabanaj, Eglantina"]
[WhiteElo "2123"]
[BlackElo "2176"]
[WhiteCountry "SCO"]
[BlackCountry "ALB"]
[Result "1-0"]

1. e4 e6 2. d4 d5 3. Nc3 Nf6 4. Bg5 Be7 5. e5 Nfd7 6. Bxe7 Qxe7 7. f4 a6 
8. Nf3 c5 9. Qd2 Nc6 10. dxc5 Nxc5 11. Bd3 Bd7 12. a3 f5 13. exf6 Qxf6 
14. O-O O-O-O 15. b4 Nxd3 16. cxd3 Rhf8 17. g3 Nd4 18. Rac1 Kb8 19. Qe1 Rc8 
20. Ne5 Rfd8 21. Qf2 Nb3 22. Rc2 Bc6 23. Rb1 g5 24. Rxb3 gxf4 25. d4 Qf5 
26. Nxc6+ Rxc6 27. Qxf4+ Qxf4 28. gxf4 Rdc8 29. Kf2 Kc7 30. Ke3 Kd7 31. Kd3 b5 
32. Rg2 Kd6 33. Rg7 Rf8 34. Ne2 h5 35. Rc3 Rc4 36. Rxc4 dxc4+ 37. Ke4 Ra8 
38. Nc3 a5 39. Nxb5+ Kc6 40. Rg5 axb4 41. axb4 Ra4 42. Rxh5 Rxb4 43. Nc3 Kd6 
44. Rb5 
1-0

[Event "34th Chess Olympiad (women)"]
[Site "Istanbul"]
[Date "2000.11.10"]
[Round "13.31.2"]
[White "Cima, Rozana"]
[Black "Rutherford, Elaine"]
[WhiteElo "2055"]
[BlackElo "2050"]
[WhiteCountry "ALB"]
[BlackCountry "SCO"]
[Result "0-1"]

1. e4 c5 2. d4 cxd4 3. c3 dxc3 4. Nxc3 a6 5. Bc4 e6 6. Nf3 b5 7. Bb3 Bb7 
8. Qe2 d6 9. O-O Nd7 10. a3 Ngf6 11. Rd1 Be7 12. e5 Bxf3 13. gxf3 Nxe5 
14. Bf4 Ng6 15. Bg3 O-O 16. Kh1 d5 17. f4 Ra7 18. Rac1 Qa8 19. Kg1 Rd8 
20. f3 Rad7 21. Kg2 Nh5 22. Qd2 b4 23. Na4 Qb8 24. f5 Ngf4+ 
0-1

[Event "34th Chess Olympiad (women)"]
[Site "Istanbul"]
[Date "2000.11.10"]
[Round "13.31.3"]
[White "Wilman, Carey"]
[Black "Shabanaj, Alda"]
[WhiteElo "2066"]
[BlackElo "2000"]
[WhiteCountry "SCO"]
[BlackCountry "ALB"]
[Result "1-0"]

1. d4 f5 2. c4 Nf6 3. Nc3 e6 4. Qc2 d5 5. e3 Be7 6. Bd3 O-O 7. cxd5 exd5 
8. Bxf5 Bxf5 9. Qxf5 Bb4 10. Nge2 Kh8 11. O-O c6 12. Nf4 Bxc3 13. bxc3 Ne4 
14. Qh3 Rf6 15. Rb1 b6 16. Rb3 Nd7 17. f3 Rh6 18. Qg4 Ndf6 19. Qf5 Nd6 
20. Qc2 Qe7 21. Nd3 Rh5 22. Nf2 Nc4 23. e4 Rf8 24. e5 Nd7 25. Ng4 c5 
26. Ne3 cxd4 27. cxd4 Nxe3 28. Bxe3 Nxe5 29. dxe5 Qxe5 30. f4 Qd6 31. Bc1 g5 
32. Ba3 
1-0